000 00294nam a22001337a 4500
020 _a9788171101139
082 _a294.5921 ARY
100 _aARYA, RAVI PERKASH
245 _aSamaveda Samhitha
260 _aDelhi
_bParimal Publications
_c2012
300 _a476
650 _aVedas
942 _cBK
999 _c19968
_d19968